Hermandades Semana Santa Sevilla - Estadísticas

Estadísticas generales
  • Esta prueba ha sido intentada 6.467 veces
    6.460 desde el último reinicio
  • La puntuación promedio es 42 de 73
Estadísticas de respuestas
Respuesta % Correcto
La Macarena
90%
La Borriquita
85%
La Esperanza de Triana
85%
San Gonzalo
85%
El Gran Poder
83%
El Silencio
80%
Los Gitanos
80%
El Amor
78%
La Estrella
78%
La Paz
77%
El Cachorro
72%
El Calvario
72%
La Cena
71%
Santa Marta
71%
El Polígono de San Pablo
70%
San Benito
70%
Jesús Despojado
68%
La Amargura
68%
La Hiniesta
67%
Las Aguas
67%
Santa Genoveva
67%
El Museo
66%
El Cerro
64%
Los Panaderos
64%
Pasión
64%
Los Estudiantes
63%
San Roque
63%
La Redención
62%
San Esteban
62%
El Sol
61%
La O
61%
Pino Montano
61%
La Resurrección
59%
Los Negritos
59%
La Sed
58%
Vera Cruz
58%
La Lanzada
57%
Las Cigarreras
57%
Las Penas
56%
San Bernardo
56%
El Santo Entierro
55%
Montesión
55%
El Baratillo
54%
El Dulce Nombre
54%
La Candelaria
53%
Los Javieres
53%
Santa Cruz
52%
El Carmen Doloroso
50%
La Exaltación
50%
La Milagrosa
49%
La Quinta Angustia
47%
La Trinidad
47%
El Valle
46%
La Soledad de San Lorenzo
46%
El Buen Fin
45%
El Cristo de Burgos
44%
La Carretería
44%
Las Siete Palabras
44%
Bellavista
43%
La Misión
43%
La Mortaja
41%
Los Servitas
41%
Torreblanca
41%
Montserrat
40%
La Soledad de San Buenaventura
39%
Padre Pío
39%
La Corona
37%
Pasión y Muerte
36%
San José Obrero
36%
San Isidoro
33%
Divino Perdón
28%
Bendición y Esperanza
26%
Paz y Misericordia
17%
No se encontraron pruebas coincidentes
Distribución de puntuación
Porcentaje de gente con cada puntuación
Porcentaje por número respondido
Historial de tus puntuaciones
No has intentado esta prueba desde el último reinicio